Theodizee

Wie kann Gott angesichts des Leidens auf der Welt gut und allmächtig sein?Das Theodizeeproblem ist eines der brisantesten Themen der Theologiegeschichte wie der gegenwärtigen Theologie. Erstmalig stellt dieses Studienbuch die unterschiedlichen Positionen und Perspektiven auf das Theodizeeproblem übe...

Ausführliche Beschreibung

Gespeichert in:  
Bibliographische Detailangaben
1. VerfasserIn: Stosch, Klaus von 1971- (Verfasst von)
Medienart: Elektronisch Buch
Sprache:Deutsch
Subito Bestelldienst: Jetzt bestellen.
Verfügbarkeit prüfen: HBZ Gateway
WorldCat: WorldCat
Fernleihe:Fernleihe für die Fachinformationsdienste
Veröffentlicht: Paderborn Ferdinand Schöningh 2018
In:Jahr: 2018
Ausgabe:2., überarbeitete Auflage
Schriftenreihe/Zeitschrift:UTB 3867
utb-studi-e-book
Grundwissen Theologie
normierte Schlagwort(-folgen):B Theodizee
weitere Schlagwörter:B Lehrbuch
B Religionskritik
B utb
B Gott; Theodizee; Theodizeeproblem; Theologie; Theologiegeschichte; Gerechtigkeit; Religionskritik; Gewalt; Krieg; Hunger; Krankheit; Leid; Allmächtiger Gott; utb; Lehrbuch
B Theologiegeschichte
B Krankheit
B Gott
B Allmächtiger Gott
B Systematische Theologie/Dogmatik
B Theodizeeproblem
B Gerechtigkeit
B Leid
B Theologie
B Krieg
B Hunger
B Theodizee
B Theologie/Religionswissenschaft
B Theologie 2018-2
B Gewalt
Online-Zugang: Cover (Verlag)
Volltext (doi)
Volltext (lizenzpflichtig)
Parallele Ausgabe:Nicht-Elektronisch

MARC

LEADER 00000cam a2200000 c 4500
001 1023771527
003 DE-627
005 20251224211946.0
007 cr |||||||||||
008 180802s2018 gw |||||o 00| ||ger c
020 |a 9783838549866  |9 978-3-8385-4986-6 
024 3 |a 9783838549866 
024 7 |a 10.36198/9783838549866  |2 doi 
035 |a (DE-627)1023771527 
035 |a (DE-576)50821551X 
035 |a (DE-599)BVBBV044956102 
035 |a (OCoLC)1050658709 
035 |a (OCoLC)1050658709 
035 |a (DE-604)BV044956102 
035 |a (DE-627-1)026214229 
035 |a (UTB)9783838549866 
040 |a DE-627  |b ger  |c DE-627  |e rda 
041 |a ger 
044 |c XA-DE-NW 
072 7 |a 9542  |2 wsb 
082 0 |a 231.8  |q SEPA 
082 0 4 |a 230  |q DE-576 
084 |a 1  |2 ssgn 
084 |a BH 4260  |q BVB  |2 rvk  |0 (DE-625)rvk/11701: 
084 |a BK 6100  |q BVB  |2 rvk  |0 (DE-625)rvk/11925: 
084 |a BN 3150  |q BVB  |2 rvk  |0 (DE-625)rvk/13754: 
084 |a 11.01  |2 bkl 
084 |a 11.61  |2 bkl 
084 |a 11.62  |2 bkl 
100 1 |e VerfasserIn  |0 (DE-588)123289920  |0 (DE-627)082464928  |0 (DE-576)184098823  |4 aut  |a Stosch, Klaus von  |d 1971- 
109 |a Stosch, Klaus von 1971-  |a Shutosshu, Kurausu fon 1971- 
245 1 0 |a Theodizee  |c Klaus von Stosch 
250 |a 2., überarbeitete Auflage 
264 1 |a Paderborn  |b Ferdinand Schöningh  |c 2018 
264 4 |c ©2018 
300 |a 1 Online-Ressource (185 Seiten)  |b Illustrationen 
336 |a Text  |b txt  |2 rdacontent 
337 |a Computermedien  |b c  |2 rdamedia 
338 |a Online-Ressource  |b cr  |2 rdacarrier 
490 0 |a UTB  |v 3867 
490 0 |a utb-studi-e-book 
490 0 |a Grundwissen Theologie 
520 |a Wie kann Gott angesichts des Leidens auf der Welt gut und allmächtig sein?Das Theodizeeproblem ist eines der brisantesten Themen der Theologiegeschichte wie der gegenwärtigen Theologie. Erstmalig stellt dieses Studienbuch die unterschiedlichen Positionen und Perspektiven auf das Theodizeeproblem übersichtlich dar.Neben der deutschsprachigen wird auch die englischsprachige Debatte nachgezeichnet. 
650 4 |a Theologie/Religionswissenschaft 
650 4 |a Systematische Theologie/Dogmatik 
650 4 |a Theologie 2018-2 
650 4 |a Gott; Theodizee; Theodizeeproblem; Theologie; Theologiegeschichte; Gerechtigkeit; Religionskritik; Gewalt; Krieg; Hunger; Krankheit; Leid; Allmächtiger Gott; utb; Lehrbuch 
650 4 |a Gott 
650 4 |a Theodizee 
650 4 |a Theodizeeproblem 
650 4 |a Theologie 
650 4 |a Theologiegeschichte 
650 4 |a Gerechtigkeit 
650 4 |a Religionskritik 
650 4 |a Gewalt 
650 4 |a Krieg 
650 4 |a Hunger 
650 4 |a Krankheit 
650 4 |a Leid 
650 4 |a Allmächtiger Gott 
650 4 |a utb 
650 4 |a Lehrbuch 
655 7 |a Lehrbuch  |0 (DE-588)4123623-3  |0 (DE-627)104270187  |0 (DE-576)209561262  |2 gnd-content 
689 0 0 |d s  |0 (DE-588)4059740-4  |0 (DE-627)104589558  |0 (DE-576)209132027  |2 gnd  |a Theodizee 
689 0 |5 DE-101 
776 1 |z 9783825249861 
776 0 8 |i Erscheint auch als  |n Druck-Ausgabe  |a Stosch, Klaus von, 1971 -   |t Theodizee  |b 2., überarbeitete Auflage  |d Paderborn, Deutschland : Ferdinand Schöningh, 2018  |h 185 Seiten  |w (DE-627)1014631173  |w (DE-576)506722155  |z 9783825249861  |z 3825249867  |k Non-Electronic 
856 4 0 |u https://elibrary.utb.de/doi/book/10.36198/9783838549866  |m X:UTB  |x Verlag  |z lizenzpflichtig  |7 1 
856 4 2 |u https://elibrary.onixtools.de/Cover/9783838549866.jpg  |x Verlag  |3 Cover  |7 1 
856 |u https://doi.org/10.36198/9783838549866  |x doi  |3 Volltext 
912 |a ZDB-41-UTBQ  |b 2018  |c 2 
912 |a ZDB-41-UTBQ  |b 2018  |c 2 
912 |a ZDB-41-UTB 
936 r v |a BH 4260  |b Theodizee  |k Theologie und Religionswissenschaften  |k Evangelische Dogmatik  |k Spezielle Dogmatik  |k Gotteslehre  |k Theodizee  |0 (DE-627)1272615308  |0 (DE-625)rvk/11701:  |0 (DE-576)202615308 
936 r v |a BK 6100  |b Gesundheit, Krankheit, Tod, Schmerz  |k Theologie und Religionswissenschaften  |k Theologische Ethik/Moraltheologie  |k Spezielle Moraltheologie/Spezielle Ethik  |k Verantwortung für Leib und Leben  |k Gesundheit, Krankheit, Tod, Schmerz  |0 (DE-627)1270653105  |0 (DE-625)rvk/11925:  |0 (DE-576)200653105 
936 r v |a BN 3150  |b Systematische Einzelfragen  |k Theologie und Religionswissenschaften  |k Dogmatik und Dogmengeschichte  |k Spezielle Dogmatik  |k Gotteslehre  |k Systematische Einzelfragen  |0 (DE-627)1270709151  |0 (DE-625)rvk/13754:  |0 (DE-576)200709151 
936 b k |a 11.01  |j Systematische Religionswissenschaft: Allgemeines  |q SEPA  |0 (DE-627)106423401 
936 b k |a 11.61  |j Dogmatik  |j Konfessionskunde  |q SEPA  |0 (DE-627)106403850 
936 b k |a 11.62  |j Christliche Ethik  |x Religionswissenschaft  |q SEPA  |0 (DE-627)10640380X 
951 |a BO 
ELC |a 1 
ITA |a 1  |t 1 
LOK |0 000 xxxxxcx a22 zn 4500 
LOK |0 001 3377941223 
LOK |0 003 DE-627 
LOK |0 004 1023771527 
LOK |0 005 20210529111003 
LOK |0 008 180802||||||||||||||||ger||||||| 
LOK |0 040   |a DE-21  |c DE-627  |d DE-21 
LOK |0 689   |a s  |a eBook-UTB-studi-ebooks 
LOK |0 852   |a DE-21 
LOK |0 852 1  |m n  |9 00 
LOK |0 85640  |u https://elibrary.utb.de/doi/book/10.36198/9783838549866  |z Zugang für die Universität Tübingen 
LOK |0 912   |a ZDB-41-UTB 
LOK |0 935   |a ebok  |a lbok 
LOK |0 938   |k n 
LOK |0 939   |a 02-08-18  |b l01 
ORI |a SA-MARC-ixtheoa001.raw 
STA 0 0 |a Critique of religion,Religious criticism,Religion,Disease,Disease,Illness,Sickness,Diseases in art,God,God,Hunger,Justice,Justice,Justice,Justice in art,Suffering,Suffering,Suffering in art,Textbook,Theodicy,Theodicy,Theology,Theology,Violence,Violence,Violence in literature,War,War,War in art 
STB 0 0 |a Critique de la religion,Dieu,Dieu,Faim,Guerre,Guerre,Justice,Justice,Justice,Maladie,Maladie,Manuel,Souffrance,Souffrance,Théodicée,Théodicée,Théologie,Théologie,Violence,Violence 
STC 0 0 |a Crítica de la religión,Dios,Dios,Enfermedad,Enfermedad,Enfermedades,Guerra,Guerra,Guerra,Hambre,Justicia,Justicia,Justicia,Justicia,Manual,Sufrimiento,Sufrimiento,Sufrimiento,Teodicea,Teodicea,Teología,Teología,Violencia,Violencia 
STD 0 0 |a Critica alla religione,Critica della religione,Critica della religione,Dio,Dio,Fame,Giustizia,Giustizia,Guerra,Guerra,Malattia,Malattia,Manuale didattico,Sofferenza,Sofferenza,Teodicea,Teodicea,Teologia,Teologia,Violenza,Violenza 
STE 0 0 |a 宗教批判,战争,战争,教科书,暴力,暴力,武力,武力,正义,正义,公义,公平正义,公义,公平正义,疾病,疾病,病,病,痛苦,痛苦,不幸,悲伤,不幸,悲伤,神,神,上帝,上帝,神义论,神义论,神正论,神正论,神学家,饥饿 
STF 0 0 |a 宗教批判,戰爭,戰爭,教科書,暴力,暴力,武力,武力,正義,正義,公義,公平正義,公義,公平正義,疾病,疾病,病,病,痛苦,痛苦,不幸,悲傷,不幸,悲傷,神,神,上帝,上帝,神學家,神義論,神義論,神正論,神正論,饑餓 
STG 0 0 |a Crítica da religião,Deus,Deus,Doença,Doença,Fome,Guerra,Guerra,Justiça,Justiça,Manual,Sofrimento,Sofrimento,Teodiceia,Teodiceia,Teologia,Teologia,Violência,Violência 
STH 0 0 |a Бог (мотив),Бог,Богословие (мотив),Богословие,Болезнь (мотив),Болезнь,Власть,Власть,Сила,Сила (мотив),Война (мотив),Война,Голод (чувство),Критика религии,Справедливость (мотив),Справедливость,Страдание (мотив),Страдание,Теодицея (мотив),Теодицея,Учебник 
STI 0 0 |a Ασθένεια <μοτίβο>,Ασθένεια,Αρρώστια,Νόσος,Αρρώστια (μοτίβο),Νόσος (μοτίβο),Βία (μοτίβο),Βία,Δικαιοσύνη (μοτίβο),Δικαιοσύνη,Εγχειρίδιο διδασκαλίας,Θεοδικία (μοτίβο),Θεοδικία,Θεολογία (μοτίβο),Θεολογία,Θεός (μοτίβο),Θεός,Θρησκευτική κριτική,Πείνα,Πόλεμος (μοτίβο),Πόλεμος,Πόνος <μοτίβο>,Πόνος,Δυστυχία,Κακό,Δοκιμασία,Δυστυχία (μοτίβο),Κακό (μοτίβο),Δοκιμασία (μοτίβο) 
SYE 0 0 |a Playing God , Christliche Theologie , Religion , War,Kriegführung,Kriegspolitik,Kriegsziel,Verteidigungsfall,Kriege , Erkrankung,Krankheitszustand,Krankheiten,Morbus,Nosos,Pathos , Leiden , Kompendium